[Event "Brno op 3rd"]
[Site "Brno"]
[Date "2012.11.16"]
[Round "8"]
[White "Kosina, Vladimir"]
[Black "Guttridge, David"]
[Result "1/2-1/2"]
[WhiteElo "1807"]
[BlackElo "1852"]
[PlyCount "49"]
[EventDate "2012.11.10"]
[EventType "swiss"]
[EventRounds "9"]
[EventCountry "CZE"]
[SourceTitle "CBM 151 Extra"]
[Source "ChessBase"]
[SourceDate "2012.12.18"]
[SourceVersion "1"]
[SourceVersionDate "2012.12.18"]
[SourceQuality "1"]

1. e4 e6 2. d4 d5 3. Nc3 Bb4 4. Bd3 dxe4 5. Bxe4 Nf6 6. Bf3 Nbd7 7. Nge2 c6 8. a3 Bd6 9. Bg5 Qc7 10. Qd2 h6 11. Bf4 Bxf4 12. Qxf4 Qxf4 13. Nxf4 Nd5 14. Bxd5 cxd5 15. 0-0 Nf6 16. Rfe1 0-0 17. h3 Bd7 18. Re3 Ne8 19. Rae1 Nd6 20. b3 Rae8 21. g4 g5 22. Nd3 b6 23. Ne5 Bc8 24. a4 Kg7 25. f3 1/2-1/2

[Event "Brno op 3rd"]
[Site "Brno"]
[Date "2012.11.14"]
[Round "6"]
[White "Mackova, Veronika"]
[Black "Guttridge, David"]
[Result "1/2-1/2"]
[WhiteElo "1724"]
[BlackElo "1852"]
[PlyCount "40"]
[EventDate "2012.11.10"]
[EventType "swiss"]
[EventRounds "9"]
[EventCountry "CZE"]
[SourceTitle "CBM 151 Extra"]
[Source "ChessBase"]
[SourceDate "2012.12.18"]
[SourceVersion "1"]
[SourceVersionDate "2012.12.18"]
[SourceQuality "1"]

1. d4 e6 2. c4 f5 3. Nf3 Nf6 4. g3 d5 5. Bg2 c6 6. 0-0 Bd6 7. b3 Qe7 8. a4 0-0 9. Ba3 Bxa3 10. Nxa3 Nbd7 11. Nc2 Ne4 12. Nce1 Nd6 13. c5 Nf7 14. Nd3 e5 15. Ndxe5 Ndxe5 16. Nxe5 Nxe5 17. dxe5 Qxe5 18. e3 Bd7 19. Qc2 Qe7 20. Rfd1 a6 1/2-1/2

[Event "Brno op 2nd"]
[Site "Brno"]
[Date "2011.11.15"]
[Round "4"]
[White "Guttridge, David"]
[Black "Magkias, Vasilios"]
[Result "1-0"]
[WhiteElo "1848"]
[BlackElo "1721"]
[PlyCount "67"]
[EventDate "2011.11.12"]
[EventType "swiss"]
[EventRounds "9"]
[EventCountry "CZE"]
[SourceTitle "EXT 2012"]
[Source "ChessBase"]
[SourceDate "2011.11.24"]
[SourceVersion "1"]
[SourceVersionDate "2011.11.24"]
[SourceQuality "1"]

1. d4 Nf6 2. Nf3 g6 3. Bf4 Bg7 4. h3 0-0 5. e3 d6 6. Be2 Nbd7 7. 0-0 Qe8 8. c3 e5 9. dxe5 dxe5 10. Bh2 e4 11. Nd4 Ne5 12. Nd2 a6 13. Qc2 c5 14. N4b3 b6 15. Nxe4 Bf5 16. Nxf6+ Bxf6 17. e4 Bc8 18. Nd2 Bb7 19. f4 Nc6 20. Bf3 Bg7 21. Nc4 Qd8 22. Rad1 Qf6 23. e5 Qe6 24. Nd6 Rab8 25. Nxb7 Rxb7 26. Rd6 Qxa2 27. Bxc6 Rc7 28. Bd5 c4 29. f5 Qa5 30. fxg6 hxg6 31. Qf2 Re7 32. Re1 b5 33. Rxg6 Qc7 34. Qf6 1-0

[Event "Guernsey Holiday op"]
[Site "Guernsey"]
[Date "2011.10.19"]
[Round "4"]
[White "Guttridge, David"]
[Black "Vonhoff, Joerg"]
[Result "1/2-1/2"]
[WhiteElo "1704"]
[BlackElo "1543"]
[PlyCount "69"]
[EventDate "2011.10.16"]
[EventType "swiss"]
[EventRounds "7"]
[EventCountry "GCI"]
[SourceTitle "EXT 2015"]
[Source "ChessBase"]
[SourceDate "2014.11.20"]
[SourceVersion "1"]
[SourceVersionDate "2014.11.20"]
[SourceQuality "1"]

1. d4 Nf6 2. Nf3 g6 3. Bf4 Bg7 4. e3 Nh5 5. Bg3 Nxg3 6. hxg3 c5 7. c3 cxd4 8. cxd4 Qa5+ 9. Qd2 Nc6 10. Qxa5 Nxa5 11. Nc3 0-0 12. Bd3 e6 13. Rc1 d5 14. b3 a6 15. Na4 b5 16. Nb6 Rb8 17. Nxc8 Rbxc8 18. Kd2 f6 19. Rxc8 Rxc8 20. Rc1 Rxc1 21. Kxc1 Nc6 22. Kd2 e5 23. dxe5 fxe5 24. Bb1 Bf8 25. Ke2 Be7 26. e4 d4 27. Ne1 g5 28. Nd3 Bd6 29. a4 b4 30. Nb2 Na5 31. Bc2 Kf7 32. Kd3 Ke6 33. Nc4 Nxc4 34. Kxc4 a5 35. Bd1 1/2-1/2

[Event "Bad Woerishofen Seniors op 27th"]
[Site "Bad Woerishofen"]
[Date "2011.03.28"]
[Round "6"]
[White "Rychlik, Kurt"]
[Black "Guttridge, David"]
[Result "1-0"]
[WhiteElo "2106"]
[BlackElo "1879"]
[PlyCount "59"]
[EventDate "2011.03.24"]
[EventType "swiss"]
[EventRounds "9"]
[EventCountry "GER"]
[SourceTitle "EXT 2012"]
[Source "ChessBase"]
[SourceDate "2011.11.24"]
[SourceVersion "1"]
[SourceVersionDate "2011.11.24"]
[SourceQuality "1"]

1. e4 e6 2. d4 d5 3. Nc3 Bb4 4. e5 Ne7 5. Bd2 b6 6. Nf3 Ba6 7. Bxa6 Nxa6 8. 0-0 Qd7 9. Qe2 Nb8 10. Rad1 Nbc6 11. Qd3 h6 12. Bc1 Bxc3 13. Qxc3 0-0-0 14. b4 Kb7 15. Bd2 Rc8 16. Rb1 Nb8 17. Qb3 Ka8 18. a4 c6 19. b5 c5 20. a5 Kb7 21. axb6 axb6 22. Ra1 Rc7 23. dxc5 Rxc5 24. Nd4 Nf5 25. Nxf5 exf5 26. Rfb1 d4 27. f4 d3 28. cxd3 Qd4+ 29. Kf1 Rc7 30. Ra4 1-0

[Event "Brno op 1st"]
[Site "Brno"]
[Date "2010.11.18"]
[Round "7"]
[White "Guttridge, David"]
[Black "Baraniuk, Andrej"]
[Result "1-0"]
[WhiteElo "1891"]
[BlackElo "1630"]
[PlyCount "105"]
[EventDate "2010.11.14"]
[EventType "swiss"]
[EventRounds "9"]
[EventCountry "CZE"]
[SourceTitle "EXT 2011"]
[Source "ChessBase"]
[SourceDate "2010.11.26"]
[SourceVersion "1"]
[SourceVersionDate "2010.11.26"]
[SourceQuality "1"]

1. d4 e6 2. Nf3 b6 3. e3 Bb7 4. Bd3 Nf6 5. Nbd2 d6 6. b3 Nbd7 7. Bb2 g6 8. 0-0 Bg7 9. Re1 0-0 10. e4 Re8 11. c4 Nf8 12. Qc2 N6d7 13. Rad1 e5 14. b4 c6 15. Nf1 Qc7 16. Ne3 Nf6 17. d5 cxd5 18. cxd5 Qxc2 19. Bxc2 Rec8 20. Bd3 Rc7 21. Rc1 Rac8 22. Rxc7 Rxc7 23. Rc1 Rxc1+ 24. Bxc1 a6 25. Nc4 Ne8 26. Nxb6 Bf6 27. Nc4 Nd7 28. Be3 Bd8 29. Nfd2 f6 30. Nb3 Nb8 31. Nba5 Bc8 32. Nb6 Bxb6 33. Bxb6 f5 34. f3 f4 35. Bd8 Kf7 36. Nc4 Bd7 37. Nb6 Bb5 38. Bxb5 axb5 39. Nc8 Na6 40. a3 Nb8 41. Kf2 Nd7 42. Na7 Ndf6 43. Nxb5 h5 44. a4 g5 45. a5 g4 46. a6 h4 47. Bxf6 Nxf6 48. Nxd6+ Kg6 49. Nf5 g3+ 50. Kg1 Nd7 51. Nxh4+ Kg5 52. hxg3 fxg3 53. Nf5 1-0

[Event "Guernsey op 35th"]
[Site "Guernsey"]
[Date "2009.10.20"]
[Round "3"]
[White "Guttridge, David"]
[Black "Van Dijk, Bram"]
[Result "0-1"]
[WhiteElo "1965"]
[BlackElo "2173"]
[PlyCount "102"]
[EventDate "2009.10.18"]
[EventType "swiss"]
[EventRounds "7"]
[EventCountry "GCI"]
[SourceTitle "EXT 2010"]
[Source "ChessBase"]
[SourceDate "2010.11.25"]
[SourceVersion "1"]
[SourceVersionDate "2010.11.25"]
[SourceQuality "1"]

1. d4 d5 2. Nf3 Nf6 3. e3 e6 4. Bd3 b6 5. Qe2 Bb7 6. 0-0 Ne4 7. b3 Nd7 8. Bb2 f5 9. c4 Bd6 10. Nbd2 Qe7 11. Rac1 0-0 12. Ne5 Nxe5 13. dxe5 Bc5 14. Nf3 f4 15. Bd4 Ba3 16. Rc2 Ng5 17. Nxg5 Qxg5 18. f3 fxe3 19. Qxe3 Qxe3+ 20. Bxe3 c5 21. Bc1 Bxc1 22. Rcxc1 Rf4 23. Rfd1 g5 24. Be2 h5 25. g3 Rf5 26. f4 gxf4 27. gxf4 Rxf4 28. Bxh5 Kh7 29. h3 d4 30. Rd2 Rg8+ 31. Kh2 Rf5 32. Bg4 Rxe5 33. Rf2 Reg5 34. Rcf1 e5 35. Rf7+ R5g7 36. Bf5+ Kh8 37. Bg4 Rxf7 38. Rxf7 Rg7 39. Rf8+ Kh7 40. Re8 e4 41. Bf5+ Kh6 42. Bxe4 Bxe4 43. Rxe4 Rd7 44. Re2 Kg5 45. Kg3 Kf5 46. Kf3 Rh7 47. Rh2 Re7 48. h4 Re3+ 49. Kf2 Rc3 50. Ke1 d3 51. h5 Rc1+ 0-1

[Event "Southend op"]
[Site "Southend"]
[Date "2009.04.13"]
[Round "7"]
[White "Guttridge, David"]
[Black "Le Fevre, Stephen D"]
[Result "1/2-1/2"]
[WhiteElo "1980"]
[BlackElo "1864"]
[PlyCount "29"]
[EventDate "2009.04.10"]
[EventType "swiss"]
[EventRounds "7"]
[EventCountry "ENG"]
[SourceTitle "CBM 130 Extra"]
[Source "ChessBase"]
[SourceDate "2009.07.02"]
[SourceVersion "2"]
[SourceVersionDate "2009.07.15"]
[SourceQuality "1"]

1. d4 d5 2. Nf3 c6 3. e3 Bf5 4. Bd3 Bxd3 5. Qxd3 Nf6 6. Nbd2 e6 7. e4 dxe4 8. Nxe4 Nxe4 9. Qxe4 Be7 10. 0-0 0-0 11. c3 Nd7 12. Re1 Nf6 13. Qe2 Re8 14. Bg5 Rc8 15. Rad1 1/2-1/2

[Event "Southend op"]
[Site "Southend"]
[Date "2009.04.11"]
[Round "3"]
[White "Baptie, Justin P"]
[Black "Guttridge, David"]
[Result "1-0"]
[WhiteElo "2101"]
[BlackElo "1980"]
[PlyCount "34"]
[EventDate "2009.04.10"]
[EventType "swiss"]
[EventRounds "7"]
[EventCountry "ENG"]
[SourceTitle "CBM 130 Extra"]
[Source "ChessBase"]
[SourceDate "2009.07.02"]
[SourceVersion "2"]
[SourceVersionDate "2009.07.15"]
[SourceQuality "1"]

1. e4 e6 2. d4 d5 3. Nc3 Bb4 4. e5 Ne7 5. a3 Bxc3+ 6. bxc3 b6 7. a4 Ba6 8. Bd3 Bxd3 9. cxd3 Nbc6 10. Qg4 Nf5 11. Ba3 Qd7 12. Ne2 Rc8 13. 0-0 h5 14. Qf3 Nce7 15. Ng3 g6 16. a5 Ng7 17. Qf6 0-0 1-0

[Event "Southend op"]
[Site "Southend"]
[Date "2009.04.10"]
[Round "1"]
[White "Sugden, John N"]
[Black "Guttridge, David"]
[Result "1-0"]
[WhiteElo "2227"]
[BlackElo "1980"]
[PlyCount "65"]
[EventDate "2009.04.10"]
[EventType "swiss"]
[EventRounds "7"]
[EventCountry "ENG"]
[SourceTitle "CBM 130 Extra"]
[Source "ChessBase"]
[SourceDate "2009.07.02"]
[SourceVersion "2"]
[SourceVersionDate "2009.07.15"]
[SourceQuality "1"]

1. e4 e6 2. d4 d5 3. e5 c5 4. c3 Nc6 5. Nf3 Bd7 6. Be2 Nh6 7. Bxh6 gxh6 8. 0-0 Bg7 9. Na3 cxd4 10. cxd4 a6 11. Nc2 0-0 12. Qd2 f6 13. exf6 Qxf6 14. Rad1 Kh8 15. b3 Rac8 16. Nb4 Qf4 17. Nxc6 Qxd2 18. Rxd2 Rxc6 19. Ne5 Bxe5 20. dxe5 Rfc8 21. f4 Rc2 22. Rfd1 Be8 23. Bg4 Bf7 24. Kf2 Kg7 25. Ke3 h5 26. Bh3 b6 27. f5 exf5 28. Bxf5 R2c3+ 29. Rd3 Rxd3+ 30. Bxd3 a5 31. Bf5 Rc6 32. Kd4 h6 33. Re1 1-0

[Event "Guernsey op 34th"]
[Site "Guernsey"]
[Date "2008.10.22"]
[Round "4"]
[White "Guttridge, David"]
[Black "Blijlevens, Pim"]
[Result "1/2-1/2"]
[WhiteElo "1992"]
[BlackElo "1849"]
[PlyCount "51"]
[EventDate "2008.10.19"]
[EventType "swiss"]
[EventRounds "7"]
[EventCountry "GCI"]
[SourceTitle "EXT 2009"]
[Source "ChessBase"]
[SourceDate "2008.11.26"]
[SourceVersion "1"]
[SourceVersionDate "2008.11.26"]
[SourceQuality "1"]

1. d4 d6 2. e4 Nf6 3. Nc3 g6 4. g3 Bg7 5. Bg2 0-0 6. Nge2 c5 7. 0-0 cxd4 8. Nxd4 Nc6 9. Nb3 a6 10. h3 Qc7 11. Be3 b5 12. Qe2 Bb7 13. a3 Ne5 14. Nd2 Rfc8 15. Rad1 a5 16. f4 Ned7 17. e5 Bxg2 18. Qxg2 dxe5 19. fxe5 Nxe5 20. Nde4 b4 21. Nxf6+ exf6 22. Nd5 Qxc2 23. Ne7+ Kf8 24. Nxc8 Qxg2+ 25. Kxg2 Rxc8 26. Rfe1 1/2-1/2

[Event "Guernsey op 33rd"]
[Site "Guernsey"]
[Date "2007.10.23"]
[Round "3"]
[White "Prins, Jan"]
[Black "Guttridge, David"]
[Result "1-0"]
[WhiteElo "2090"]
[BlackElo "2001"]
[PlyCount "83"]
[EventDate "2007.10.21"]
[EventType "swiss"]
[EventRounds "7"]
[EventCountry "GCI"]
[SourceTitle "EXT 2009"]
[Source "ChessBase"]
[SourceDate "2008.11.26"]
[SourceVersion "1"]
[SourceVersionDate "2008.11.26"]
[SourceQuality "1"]

1. d4 e6 2. c4 f5 3. g3 d5 4. Nc3 c6 5. cxd5 exd5 6. Nf3 Nf6 7. Bh3 Bd6 8. Bg5 0-0 9. Qc1 Qe8 10. Bf4 Ne4 11. Qe3 Bxf4 12. gxf4 Nxc3 13. Qxe8 Rxe8 14. bxc3 g6 15. Rg1 Kf8 16. Ne5 Nd7 17. Kd2 Nxe5 18. fxe5 Be6 19. f3 Ke7 20. Rab1 b6 21. e3 f4 22. Bf1 fxe3+ 23. Kxe3 Bf5 24. Rb2 Rac8 25. Rb3 c5 26. Be2 c4 27. Rb5 Red8 28. Bd1 Rb8 29. Rg2 a6 30. Rb4 Rd7 31. h4 b5 32. a4 Rdb7 33. Rgb2 Bc8 34. axb5 Rxb5 35. Rxb5 Rxb5 36. Rxb5 axb5 37. Kf4 h6 38. Bc2 Bf5 39. Bxf5 gxf5 40. Ke3 Ke6 41. Kd2 f4 42. Kc2 1-0

[Event "Guernsey op 33rd"]
[Site "Guernsey"]
[Date "2007.10.22"]
[Round "2"]
[White "Guttridge, David"]
[Black "Grant, David J"]
[Result "1-0"]
[WhiteElo "2001"]
[BlackElo "1924"]
[PlyCount "55"]
[EventDate "2007.10.21"]
[EventType "swiss"]
[EventRounds "7"]
[EventCountry "GCI"]
[SourceTitle "EXT 2009"]
[Source "ChessBase"]
[SourceDate "2008.11.26"]
[SourceVersion "1"]
[SourceVersionDate "2008.11.26"]
[SourceQuality "1"]

1. e4 c5 2. Nc3 Nc6 3. g3 g6 4. Bg2 Bg7 5. d3 d6 6. Nge2 e6 7. 0-0 Nge7 8. Be3 0-0 9. Qd2 Re8 10. f4 Qa5 11. Nd1 Qxd2 12. Bxd2 b6 13. Rb1 Ba6 14. f5 exf5 15. exf5 Nxf5 16. Bxc6 Rxe2 17. Bxa8 Rxd2 18. Be4 Bd4+ 19. Kh1 Rxc2 20. Rf3 d5 21. Bxf5 gxf5 22. Ne3 Rd2 23. Nf1 Rxd3 24. Rf4 c4 25. Re1 Bxb2 26. Ne3 c3 27. Nxf5 Bb5 28. Rg4+ 1-0

[Event "Guernsey Holiday op"]
[Site "Grand Harve Bay"]
[Date "2006.10.19"]
[Round "5"]
[White "Finch, Russell"]
[Black "Guttridge, David"]
[Result "1/2-1/2"]
[WhiteElo "1725"]
[BlackElo "1608"]
[PlyCount "39"]
[EventDate "2006.10.15"]
[EventType "swiss"]
[EventRounds "7"]
[EventCountry "GCI"]
[SourceTitle "EXT 2008"]
[Source "ChessBase"]
[SourceDate "2007.11.25"]
[SourceVersion "1"]
[SourceVersionDate "2007.11.25"]
[SourceQuality "1"]

1. f4 d5 2. Nf3 Nf6 3. e3 Bg4 4. Be2 Nbd7 5. 0-0 c6 6. Ne5 Bxe2 7. Qxe2 Qc7 8. d4 g6 9. Nd2 Ne4 10. Nxe4 dxe4 11. b3 f6 12. Ng4 f5 13. Nf2 Nf6 14. c4 e6 15. Bb2 Bg7 16. Rac1 0-0 17. Rfd1 Qf7 18. Rc2 Rfd8 19. Rcd2 Rd7 20. Bc3 1/2-1/2